| 000 | 00431nam a2200157 i 4500 | ||
|---|---|---|---|
| 001 | 91339 | ||
| 003 | ES-MaACL | ||
| 005 | 20251004063132.0 | ||
| 007 | t| | ||
| 008 | 050128s1916 ag ||||1| spa d | ||
| 100 | 1 |
_aLevene, Ricardo, _d1885-1959 _971926 |
|
| 245 | 1 | 3 |
_aLa moneda colonial del Plata / _cRicardo Levene. |
| 260 |
_aBuenos Aires : _b[s.n.], _c1916. |
||
| 852 |
_aES-MaACL _j1508-F-3 |
||
| 999 |
_c91339 _d91339 |
||